000 00595nam a2200193Ia 4500
008 190412s9999 xx 000 0 und d
100 _aAlcides Velasquez
245 _aParents' mobile relational maintenance in resource-constrained contexts: Barriers and facilitating access conditions /
245 _cAlcides Velasquez
260 _bSage
260 _c2018
300 _apages 4415-4435, December 2018
440 _aNew Media & Society
_v20 (12)
650 _aAccess Barriers
650 _aDigital Divide
650 _aEfficacy
650 _aMEDIA & SOCIETY
942 _2lcc
_cSE
999 _c361396
_d361396